|
|
|
|
| LEADER |
00000nas a2200000 a 4500 |
| 001 |
ssj0007517 |
| 003 |
WaSeSS |
| 005 |
20200512172242.0 |
| 006 |
m d |
| 007 |
cr n |
| 008 |
990728c19679999ne qr pss 0 0eng c |
| 010 |
|
|
|a 2008233012
|
| 016 |
7 |
|
|a 2009877-7
|2 DE-600
|
| 022 |
|
|
|a 1573-0492
|l 0022-5363
|y 0022-5363
|
| 035 |
|
|
|a (WaSeSS)ssj0007517
|
| 040 |
|
|
|a F#A
|b eng
|e pn
|c F#A
|d OCLCQ
|d MUQ
|d OCLCQ
|d GUA
|d YUS
|d OCLCQ
|d OCLCO
|d OCLCQ
|d BUF
|d OCLCO
|d OCLCF
|d OCLCO
|d OCLCQ
|d DEFHM
|d OCLCO
|d RCE
|d OCLCA
|d AU@
|d OCLCO
|d VT2
|d NJT
|d DLC
|d WaSeSS
|
| 042 |
|
|
|a pcc
|
| 050 |
0 |
0 |
|a BD232
|
| 082 |
0 |
4 |
|a 121.8
|
| 130 |
0 |
|
|a Journal of value inquiry (Online)
|
| 245 |
1 |
4 |
|a The journal of value inquiry
|h [electronic resource].
|
| 260 |
|
|
|3 -June 2005 :
|a [Dordrecht] :
|b Kluwer Academic Publishers
|
| 260 |
3 |
|
|3 Sept. 2005- :
|a [Dordrecht] :
|b Springer Netherlands
|
| 310 |
|
|
|a Quarterly
|
| 362 |
1 |
|
|a Began with Vol. 1, issue 1 (Mar. 1967).
|
| 506 |
|
|
|a License restrictions may limit access.
|
| 515 |
|
|
|a Some issues combined.
|
| 538 |
|
|
|a Mode of access: World Wide Web.
|
| 588 |
|
|
|a Description based on: Vol. 1, issue 1 (Mar. 1967); title from journal information screen (SpringerLink, viewed Jan. 4, 2008).
|
| 588 |
|
|
|a Latest issue consulted: Vol. 53, issue 2 (June 2019) (viewed Oct. 26, 2019).
|
| 650 |
|
0 |
|a Values
|v Periodicals.
|
| 650 |
|
0 |
|a Ethics
|v Periodicals.
|
| 650 |
|
6 |
|a Valeur (Philosophie)
|v Périodiques.
|
| 650 |
|
6 |
|a Morale
|v Périodiques.
|
| 650 |
|
7 |
|a Ethics.
|2 fast
|0 (OCoLC)fst00915833
|
| 650 |
|
7 |
|a Values.
|2 fast
|0 (OCoLC)fst01163906
|
| 650 |
|
7 |
|a Ethik
|2 gnd
|
| 655 |
|
0 |
|a Electronic journals.
|
| 776 |
0 |
8 |
|i Print version:
|t Journal of value inquiry
|x 0022-5363
|w (DLC)sf 81005105
|w (OCoLC)1754856
|
| 850 |
|
|
|a DLC
|
| 856 |
4 |
0 |
|z Full text available from Research Library: 03/01/1999 to 1 year ago
|u https://search.proquest.com/publication/37682
|